Kniha o chudobe spoločenské súvislosti a verejné politiky

Bibliographic Details
Main Author: Filadelfiová, Jarmila, 1956- (Author)
Other Authors: Gerbery, Daniel, 1976- (Editor), Lesay, Ivan (Editor), Škobla, Daniel, 1968- (Editor)
Format: Book
Language:Slovak
PhysicalDescription:144 s. grafy, tab. 23 cm
Published: [Poniky] Priatelia Zeme-CEPA 2007
ISBN:9788096891894 (brož.)
Edition:1. vyd.
Subjects:

MARC

LEADER 00000cam a2200000 a 4500
001 vtls009171071
003 SK-MaSNL
005 20260425225659.0
008 160610s2007 xo dl g 000 0dslo
015 |a SNBA2008/02-00901 
020 |a 9788096891894 (brož.) 
035 |a 76079FF0-4331-4B9C-9398-7A9055C71549 
035 |a urn:nbn:sk:snk-amla33 
035 |a urn:nbn:sk:snk-am008qxl 
040 |a SNK  |b slo  |c SNK  |e AACR2 
041 0 |a slo 
043 |a e-xo--- 
044 |a xo  |c SK 
072 7 |a 364  |x Sociálne problémy vyžadujúce podporu a pomoc. Sociálne zabezpečenie  |2 konspekt 
080 |a 364.662  |2 2001 
080 |a 364-787.2  |2 2001 
080 |a (437.6)  |2 2001 
080 |a (048.8)  |2 2001 
080 |a 36  |2 2001 
245 0 0 |a Kniha o chudobe  |b spoločenské súvislosti a verejné politiky  |c [Jarmila Filadelfiová ... [et al.] ; Daniel Gerbery, Ivan Lesay, Daniel Škobla (editori) 
250 |a 1. vyd. 
260 |a [Poniky]  |b Priatelia Zeme-CEPA  |c 2007 
300 |a 144 s.  |b grafy, tab.  |c 23 cm 
500 |a Miesto vyd. podľa ISBN 
500 |a Biogr. údaje 
504 |a Bibliogr. s. 127-142. Pozn. 
650 0 7 |a chudoba  |2 SNKPH  |9 14502 
650 0 7 |a sociálna politika  |2 SNKPH  |9 2333 
650 0 7 |a sociálna izolácia  |2 SNKPH  |9 83436 
650 0 7 |a nezamestnanosť  |2 SNKPH  |9 4271 
650 0 7 |a chudoba  |x spoločenské aspekty  |2 SNKPH  |9 404648 
650 0 7 |a boj proti chudobe  |2 SNKBUCL  |9 404649 
650 0 7 |a ľudské práva  |2 SNKPH  |9 798 
651 7 |a Slovensko  |2 SNKPH  |9 14231 
655 7 |a štúdie  |2 SNKPH  |9 57033 
700 1 |a Gerbery, Daniel,  |d 1976-  |4 edt  |9 222333 
700 1 |a Lesay, Ivan  |4 edt  |9 404650 
700 1 |a Filadelfiová, Jarmila,  |d 1956-  |4 aut  |9 109818 
700 1 |a Škobla, Daniel,  |d 1968-  |4 edt  |9 120198 
919 |a 978-80-968918-9-4 
958 |a NB 
958 |a OND 
968 |d 36 
999 |c 655815  |d 657745 
952 |a SNK  |b SNK  |y PREZ  |7 0  |p 17A0575652  |o snkSC 130408  |i snk2008/892  |8 0  |0 0  |1 0  |4 0  |d 2008-01-14  |f 1  |l 0  |r 2025-06-19 00:00:00  |w 2026-02-23 
952 |a SNK  |b SNK  |y VYP  |7 0  |p 17A0580496  |o snkSC 130408 D1  |i snk2008/4893  |8 0  |0 0  |1 0  |4 0  |d 2008-02-27  |l 0  |r 2026-02-23 18:36:13  |w 2026-02-23